Off-centre : (Record no. 35)
[ view plain ]
| 000 -LEADER | |
|---|---|
| fixed length control field | 00718cam a2200241 a 4500 |
| 001 - CONTROL NUMBER | |
| control field | 2943101 |
| 005 - DATE AND TIME OF LATEST TRANSACTION | |
| control field | 20231120013235.0 |
| 008 - FIXED-LENGTH DATA ELEMENTS--GENERAL INFORMATION | |
| fixed length control field | 901211s1991 enkaf b 001 0 eng |
| 020 ## - INTERNATIONAL STANDARD BOOK NUMBER | |
| ISBN | 0044456662 |
| 020 ## - INTERNATIONAL STANDARD BOOK NUMBER | |
| ISBN | 0044456670 (pbk.) |
| 040 ## - CATALOGING SOURCE (பட்டியலாக்க மூலம்) | |
| Original cataloging agency | DLC |
| Transcribing agency | DLC |
| Modifying agency | DLC |
| 082 00 - DDC Classification | |
| Class No. | 305.42/01 |
| DDC Edition Number | 20 |
| 245 00 - TITLE STATEMENT | |
| Title | Off-centre : |
| Remainder of title | feminism and cultural studies / |
| Statement of responsibility, etc. | edited by Sarah Franklin, Celia Lury & Jackie Stacey. |
| 250 ## - EDITION STATEMENT | |
| Edition statement | 12th |
| 260 ## - PUBLICATION, DISTRIBUTION, ETC. | |
| Place of publication, distribution, etc. | Hammersmith, London, UK ; |
| -- | New York, NY, USA : |
| Name of publisher, distributor, etc. | HarperCollins Academic, |
| Date of publication, distribution, etc. | 1991. |
| 300 ## - PHYSICAL DESCRIPTION | |
| Extent (e.g. Volumes, Pages etc.) | 1 - 334 p. |
| 650 #0 - SUBJECT ADDED ENTRY--TOPICAL TERM | |
| Topical term or geographic name entry element | Feminist theory. |
| 650 #0 - SUBJECT ADDED ENTRY--TOPICAL TERM | |
| Topical term or geographic name entry element | Culture. |
| 700 1# - ADDED ENTRY--PERSONAL NAME | |
| Personal name | Franklin, Sarah. |
| Relator term (Role) | Editor |
| 700 1# - ADDED ENTRY--PERSONAL NAME | |
| Personal name | Lury, Celia. |
| Relator term (Role) | Editor |
| 700 1# - ADDED ENTRY--PERSONAL NAME | |
| Personal name | Stacey, Jackie. |
| Relator term (Role) | Editor |
| 942 ## - Koha item type (Biblio) | |
| Koha item type | Books in Stacks (Lending) |
| Lost status | Damaged status | Collection code | Home library | Current library | Date acquired | Full call number | Accession Number | Item type |
|---|---|---|---|---|---|---|---|---|
| Lending | WERC Library | WERC Library | 11/20/2023 | 305.42/01 | 2010 | Books in Stacks (Lending) |
